000 00533nam a22001937a 4500
003 OSt
005 20160628125342.0
008 160628b xxu||||| |||| 00| 0 eng d
020 _a9780412642807
040 _cDNLM.
082 _aQV38K251d 1997.
100 _aKeene,Jan;
_99688
245 _aDrug Misuse:
_bPrevention,Harm Minimisation and Treatment.
260 _aUK.
_bNelson Thornes.
_c1997.
300 _axv,356p;
_bill;
_c25cm.
504 _aincludes references and index.
650 _aPharmacology.
_9357
942 _2z
_cO_SHELF
999 _c4517
_d4517